<?xml version="1.0" encoding="UTF-8"?>
<record
    xmlns:xsi="http://www.w3.org/2001/XMLSchema-instance"
    xsi:schemaLocation="http://www.loc.gov/MARC21/slim http://www.loc.gov/standards/marcxml/schema/MARC21slim.xsd"
    xmlns="http://www.loc.gov/MARC21/slim">

  <leader>01717    a2200265   4500</leader>
  <controlfield tag="001">54259</controlfield>
  <controlfield tag="005">20260407155813.0</controlfield>
  <controlfield tag="008">260407a1963    arg                 spa d</controlfield>
  <controlfield tag="003">AR-UNSa-BCEJYS</controlfield>
  <datafield tag="040" ind1=" " ind2=" ">
    <subfield code="a">AR-UNSa-BCEJYS</subfield>
    <subfield code="b">spa</subfield>
    <subfield code="c">AR-UNSa-BCEJYS</subfield>
  </datafield>
  <datafield tag="080" ind1=" " ind2=" ">
    <subfield code="a">330.342.172</subfield>
    <subfield code="x">Econom&#xED;a libre. Laissez-faire (Econom&#xED;a de Mercado)</subfield>
  </datafield>
  <datafield tag="245" ind1="1" ind2="0">
    <subfield code="a">La econom&#xED;a de mercado</subfield>
  </datafield>
  <datafield tag="264" ind1=" " ind2="1">
    <subfield code="a">Madrid :</subfield>
    <subfield code="b">Sociedad de Estudios y Publicaciones</subfield>
    <subfield code="c">1963</subfield>
  </datafield>
  <datafield tag="300" ind1=" " ind2=" ">
    <subfield code="a">2 v. (299 ; 273 p.)</subfield>
    <subfield code="c">20 cm.</subfield>
  </datafield>
  <datafield tag="505" ind1=" " ind2=" ">
    <subfield code="a">Tomo I: 1. El problema pol&#xED;tico de la ordenaci&#xF3;n &#x2013; 2. Las ordenaciones econ&#xF3;micas desde el punto de vista social &#x2013; 3. Posibilidades y l&#xED;mites de la direcci&#xF3;n econ&#xF3;mica &#x2013; 4. T&#xE9;cnica, concentraci&#xF3;n y ordenaci&#xF3;n de la econom&#xED;a &#x2013; 5. Sistema econ&#xF3;mico y orden internacional Proleg&#xF3;menos &#x2013; 6. Perdidas econ&#xF3;micas aparentes en caso de entrada de nuevos competidores en el mercado &#x2013; 7. Objeciones al orden de la competencia -- Tomo II: 1. Econom&#xED;a de mercado y pol&#xED;tica econ&#xF3;mica - 2. Historia econ&#xF3;mica y pensamiento pol&#xED;tico - 3. La econom&#xED;a de mercado ante el pensamiento cat&#xF3;lico - 4. La opini&#xF3;n p&#xFA;blica a la luz de los principios del liberalismo - 5. Balance provisional de la integraci&#xF3;n econ&#xF3;mica europea, examen cr&#xED;tico - 6. La financiaci&#xF3;n del progreso t&#xE9;cnico - 7. Oferta de dinero y variaciones de los precios y de la producci&#xF3;n - 8. Las causas de la constante amenaza a la libertad</subfield>
  </datafield>
  <datafield tag="041" ind1=" " ind2=" ">
    <subfield code="a">spa</subfield>
  </datafield>
  <datafield tag="942" ind1=" " ind2=" ">
    <subfield code="c">BK</subfield>
  </datafield>
  <datafield tag="590" ind1=" " ind2=" ">
    <subfield code="a">niveau_biblio:m niveau_hierar:0</subfield>
  </datafield>
  <datafield tag="100" ind1="1" ind2=" ">
    <subfield code="a">Eucken, Walter</subfield>
  </datafield>
  <datafield tag="700" ind1="1" ind2=" ">
    <subfield code="a">M&#xFC;ller- Armack, Alfred</subfield>
  </datafield>
  <datafield tag="700" ind1="1" ind2=" ">
    <subfield code="a">Stackelberg, Heinrich Freiherr von</subfield>
  </datafield>
  <datafield tag="700" ind1="1" ind2=" ">
    <subfield code="a">R&#xF6;pke, Wilhelm</subfield>
  </datafield>
  <datafield tag="700" ind1="1" ind2=" ">
    <subfield code="a">Machlup, Fritz</subfield>
  </datafield>
  <datafield tag="700" ind1="1" ind2=" ">
    <subfield code="a">Lutz, Friedrich A.</subfield>
  </datafield>
  <datafield tag="999" ind1=" " ind2=" ">
    <subfield code="c">5429</subfield>
    <subfield code="d">5429</subfield>
  </datafield>
  <datafield tag="952" ind1=" " ind2=" ">
    <subfield code="0">0</subfield>
    <subfield code="1">0</subfield>
    <subfield code="4">0</subfield>
    <subfield code="7">0</subfield>
    <subfield code="a">BCEJYS</subfield>
    <subfield code="b">BCEJYS</subfield>
    <subfield code="c">16</subfield>
    <subfield code="d">2026-04-07</subfield>
    <subfield code="l">0</subfield>
    <subfield code="o">330.342.172 E86 v.1</subfield>
    <subfield code="p">L23940</subfield>
    <subfield code="r">2026-04-07 15:58:13</subfield>
    <subfield code="w">2026-04-07</subfield>
    <subfield code="y">L</subfield>
  </datafield>
  <datafield tag="952" ind1=" " ind2=" ">
    <subfield code="0">0</subfield>
    <subfield code="1">0</subfield>
    <subfield code="4">0</subfield>
    <subfield code="7">0</subfield>
    <subfield code="a">BCEJYS</subfield>
    <subfield code="b">BCEJYS</subfield>
    <subfield code="c">16</subfield>
    <subfield code="d">2026-04-07</subfield>
    <subfield code="l">0</subfield>
    <subfield code="o">330.342.172 E86 v.2</subfield>
    <subfield code="p">L23941</subfield>
    <subfield code="r">2026-04-07 15:58:13</subfield>
    <subfield code="w">2026-04-07</subfield>
    <subfield code="y">L</subfield>
  </datafield>
</record>
